| 000 | 00481nam a2200181Ia 4500 | ||
|---|---|---|---|
| 001 | 14756 | ||
| 005 | 20260306164937.0 | ||
| 008 | 260306t2014||||xx |||||||||||||| ||spa|| | ||
| 041 | _aESP | ||
| 082 |
_a519.2 _bG96 |
||
| 100 |
_aGutiérrez González, Eduardo _eAUT |
||
| 245 | 0 |
_aProbabilidad y estadística: _baplicaciones a la ingeniería y ciencias |
|
| 260 | _c2014 | ||
| 300 |
_axv, 547 páginas : _c27 cm. |
||
| 650 | _aGEN | ||
| 654 | _aCII | ||
| 942 |
_cLIB _dJUS _fJUS _2ddc _n |
||
| 999 |
_c14756 _d14756 |
||